02668cam a22003491i 4500003000900000005001700009008004100026040003300067082001000100090002300110100011000133245013900243250003300382264006800415300005500483336003600538337003500574338002900609490003500638500007500673500003600748504004900784630004000833700005900873730001900932856060000951856058501551942001702136949003402153952011602187999001502303SA-RiAUC20250531162605.0250529q19001999ua fo g b f00000 ara c aSA-AbKKUbaracSA-RiAUCerda04a229.7 a229.7 b ق ا ض1 aالقاضي الباقلاني، محمد بن الطيب بن محمد،d338-403 هجريeمؤلف.10aإعجاز القرآن /cالباقلانى أبي بكر محمد بن الطيب ؛ تحقيق السيد أحمد صقر. aالطبعة الثالثة. 1aالقاهرة :bدار المعارف،c[بين 1900 و1999] a393 صفحة :b7 لوحات، صور ؛c23 سم. aنصbtxt2rdacontent3كتاب aبدون وسيطbn2rdamedia aمجلدbnc2rdacarrier0 aذخائر العرب ؛v12 aبه صور فوتوغرافية لنسخ الكتاب المخطوط. aيشتمل على كشافات. aببليوجرافية : صفحة 374 - 380.27aالقرآنxإعجاز2aucut1 aصقر، السيد أحمد،d1915-1989eمحقق.22aالقرآن uhttp://www.alwaraq.net/Core/AlwaraqSrv/bookpage?book=51&option=1&fkey=2&page=1yDigital Copy2 نرجو الانتباه لإمكانية وجود اختلاف في الطبعة أو الناشر بين البيانات على البوابة وما ستجده على الكتاب نظرا لمحدودية المعلومات المتاحة على الموقع الناشر للمادة.3Please note that there may be a difference in the edition or publisher between the data on the portal and the book due to the limited information available on the publisher website for the material. uhttp://www.alwaraq.net/Core/waraq/coverpage?bookid=51&option=1yExternal Link2 نرجو الانتباه لإمكانية وجود اختلاف في الطبعة أو الناشر بين البيانات على البوابة وما ستجده على الكتاب نظرا لمحدودية المعلومات المتاحة على الموقع الناشر للمادة.3Please note that there may be a difference in the edition or publisher between the data on the portal and the book due to the limited information available on the publisher website for the material. 2ddccBOOKn0 aSA-JeALMd250529uosman123n1 00102ddc4070aWAHABbWAHABd2025-05-31l0o229.7 ق ا ضp000013750r2025-05-31 16:26:23w2025-05-31yBOOK c8576d8576